000
00296nam a22001217a 4500
008
180117b xxu||||| |||| 00| 0 eng d
041
_a
eng
080
_a
331
100
_a
52
101
_a
PUN
245
_a
Jobs, Men, and Machines: Problems of Automation
_c
Markham,Ch
942
_2
udc
_c
BK
999
_c
40423
_d
40423